00445 2200169 4500001002100000005001500021008004100036020001800077035001900095041000600114082001000120090001600130100003800146245002300184260003800207300003000245INLIS00000000000013320241224112125241224||||||||| | ||| |||| ||  a979-8080-39-4 0010-1224000133 a00 a332.6 a332.6 TIM i0 aTim A Guide For Foreign Investors00aInvesting In Asean aJakartabAsean Secretariartc1999 axxxiii, 220 hlm.; 29,5 cm